000 00256nam a2200097Ia 4500
001 789129
005 20250826170412.0
008 250824s9999 xx 000 0 und d
245 0 _aALLAH DE ÖTESİNİ BIRAK-2 NİYET
_cUĞUR KOŞAR
260 _bDESTEK YAYINLARI
999 _c789129
_d789129